书目信息 |
| 题名: |
爸爸去哪儿之王岳伦亲子之道
|
|
| 作者: | ;爸爸去哪儿栏目组 编著 | |
| 分册: | ||
| 出版信息: | 桂林 漓江出版社 2014 |
|
| 页数: | 198页 | |
| 开本: | 24cm | |
| 丛书名: | ||
| 单 册: | ||
| 中图分类: | G781-49 | |
| 科图分类: | ||
| 主题词: | 儿童教育--er tong jiao yu--家庭教育--通俗读物 | |
| 电子资源: | ||
| ISBN: | 978-7-5407-6992-5 | |
| 000 | 01108nam0 2200289 450 | |
| 001 | 012001002530 | |
| 005 | 20131029130206.0 | |
| 010 | @a978-7-5407-6992-5@dCNY29.80 | |
| 099 | @aCAL 012014032519 | |
| 100 | @a20140327d2014 em y0chiy50 ea | |
| 101 | 0 | @achi |
| 102 | @aCN@b450000 | |
| 105 | @aa z 000yy | |
| 106 | @ar | |
| 200 | 1 | @a爸爸去哪儿之王岳伦亲子之道@Aba ba qu na er zhi wang yue lun qin zi zhi dao@f《爸爸去哪儿》栏目组编著 |
| 210 | @a桂林@c漓江出版社@d2014 | |
| 215 | @a198页@c图@d24cm | |
| 300 | @a快乐中国 魅丽文化 | |
| 306 | @a《爸爸去哪儿》节目官方授权 | |
| 314 | @a编委会页题主编:谷良、 刘正勇 | |
| 330 | @a本书内容包括:囧爸萌娃一家亲——王岳伦随行编导采访实录、小公主炼成记、做轻松父母不再是难事、小公主的穿搭指南——教你打造最潮宝贝、公主房大搜罗——教你打造独一无二的宝贝房间等。 | |
| 517 | 1 | @a王岳伦亲子之道@Awang yue lun qin zi zhi dao |
| 606 | 0 | @a儿童教育@Aer tong jiao yu@x家庭教育@j通俗读物 |
| 690 | @aG781-49@v5 | |
| 711 | 02 | @a爸爸去哪儿栏目组@Aba ba qu na er lan mu zu@4编著 |
| 801 | 2 | @aCN@b江苏凤凰@c20191020 |
| 905 | @b1229397-400@dG781-49@e1343@f4 | |
| 爸爸去哪儿之王岳伦亲子之道/《爸爸去哪儿》栏目组编著.-桂林:漓江出版社,2014 |
| 198页:图;24cm |
| 快乐中国 魅丽文化 |
| ISBN 978-7-5407-6992-5:CNY29.80 |
| 本书内容包括:囧爸萌娃一家亲——王岳伦随行编导采访实录、小公主炼成记、做轻松父母不再是难事、小公主的穿搭指南——教你打造最潮宝贝、公主房大搜罗——教你打造独一无二的宝贝房间等。 |
| ● |
| 相关链接 |
|
|
|
|
正题名:爸爸去哪儿之王岳伦亲子之道
索取号:G781-49/1343
 
预约/预借
| 序号 | 登录号 | 条形码 | 馆藏地/架位号 | 状态 | 备注 |
| 1 | 1229397 | 212293971 | 第一样本阅览室/ [索取号:G781-49/1343] | 在馆 | |
| 2 | 1229398 | 212293980 | 教育系资料室/ [索取号:G781-49/1343] | 在馆 | |
| 3 | 1229399 | 212293999 | 教育系资料室/ [索取号:G781-49/1343] | 在馆 | |
| 4 | 1229400 | 212294006 | 第四借阅区/ [索取号:G781-49/1343] | 在馆 |